00860 a2200157 4500003000500000005001700005040000900022082001600031100002400047245009900071260003200170300001300202505044100215600002400656650002200680NUST20221229171843.0 cNust a356.113,AHM aAhmad, Nadeem Rifat aThe Gallant One :bWar Services of First Battalion The Baloch Regiment /c Nadeem Rifat Ahmad, aRawalpindibBattalionc2012 a236 p .; aThe Second Kandy War (Page-1), The Naning War (Page-12), Pacification of Upper Burma (Page-17), The Assault Landing at Sheikh (Page-27), Defence of the Suez Canal (Page-34), The Gallipoli Campaign (Page-39), The Western Front (Page-45), The North West Frontier (Page-74), The Campaign In Malaya (Page-81), The Kashmir War (Page-118), The September War (Page-127), The Shakargarh Salient (Page-147), The Sianchen Conflict (Page-153).  aAhmad, Nadeem Rifat a Baloch Regiment